Geography Quiz

Random Geography or State Quiz

Earthquake Prone States Quiz Stats

Quiz Updated Nov 8, 2016

Challenge
Share
Tweet
Embed
Score 0/10 Timer 02:00
1 Play Today
Rank State % Correct
2California
99.5%
5Washington
95.1%
10Oregon
92.3%
4Nevada
88.1%
1Alaska
85.3%
3Hawaii
82.4%
8Montana
80.5%
6Idaho
79.2%
9Utah
77.3%
7Wyoming
71.9%

You're not logged in!

Compare scores with friends on all Sporcle quizzes.
Sign Up with Email
OR
Log In

You Might Also Like...

Show Comments

Extras

Top Quizzes Today


Score Distribution

Your Account Isn't Verified!

In order to create a playlist on Sporcle, you need to verify the email address you used during registration. Go to your Sporcle Settings to finish the process.

Report this User

Report this user for behavior that violates our Community Guidelines.

Details: